ملك : حياته، وعصره، اراؤه، وفقهه

Bibliographic Details
Main Author: ابو زهرة، محمد (Author)
Format: Book
Published: Qahirah : Dar al-Fikr al-Arabi , [n.d.]
Subjects:

MARC

LEADER 00000cam a2200000 7i4500
001 0000005700
005 20220821093000.0
008 021119n
020 |a 9773061086 
090 0 0 |a BP80.M3   |b Z33 
100 0 |a ابو زهرة، محمد ,   |e author 
245 1 2 |a ملك :   |b حياته، وعصره، اراؤه، وفقهه   |c محمد ابو زهرة 
260 2 |a Qahirah :   |b Dar al-Fikr al-Arabi ,   |c [n.d.] 
300 |a 395 p. ;   |c 24 cm. 
600 0 0 |a Malik ibn Anas ,   |d d. 795 
745 0 0 |a Malik: hayatuhu wa-`asruhu, ara'uhu wa-fiqhuhu 
999 |a 1000016455   |b Book   |c OPEN SHELF (30 DAYS)   |e Gong Badak Campus 
999 |a 1000016456   |b Book   |c OPEN SHELF (30 DAYS)   |e Gong Badak Campus 
999 |a 1000016457   |b Book   |c OPEN SHELF (30 DAYS)   |e Gong Badak Campus 
999 |a 1000016458   |b Book   |c OPEN SHELF (30 DAYS)   |e Gong Badak Campus 
999 |a 1000081296   |b Book   |c OPEN SHELF (30 DAYS)   |e Gong Badak Campus 
999 |a 1000100626   |b Book   |c OPEN SHELF (30 DAYS)   |e Gong Badak Campus